书目信息 |
| 题名: |
睡前胎教故事
|
|
| 作者: | 海水焰 主编 | |
| 分册: | 妈妈篇 | |
| 出版信息: | 北京 中国轻工业出版社 2021 |
|
| 页数: | 168页 | |
| 开本: | 24cm | |
| 丛书名: | ||
| 单 册: | ||
| 中图分类: | G610.8 , I18 | |
| 科图分类: | ||
| 主题词: | 胎教--基本知识 , 儿童故事--作品集--世界 | |
| 电子资源: | ||
| ISBN: | 978-7-5184-3374-2 | |
| 000 | 00937nam2 2200265 450 | |
| 001 | 012001003007 | |
| 005 | 20140203114439.0 | |
| 010 | @a978-7-5184-3374-2@dCNY49.80 | |
| 100 | @a20220905d2021 em y0chiy50 ea | |
| 101 | 0 | @achi |
| 102 | @aCN@b110000 | |
| 105 | @aa z 000fy | |
| 106 | @ar | |
| 200 | 1 | @a睡前胎教故事@Ashui qian tai jiao gu shi@d= Good night story of fetal education@i妈妈篇@f海水焰主编@zeng |
| 210 | @a北京@c中国轻工业出版社@d2021 | |
| 215 | @a168页@c彩图@d24cm | |
| 330 | @a这里有分爱、分享、友谊、宽容和乐观。每个主题包括原创故事、童诗、改编故事三大部分。温馨故事展现人性之美。这里有好听的故事、有趣的童诗,也有我们深深的祝福! | |
| 510 | 1 | @aGood night story of fetal education@zeng |
| 606 | 0 | @a胎教@x基本知识 |
| 606 | 0 | @a儿童故事@x作品集@y世界 |
| 690 | @aG610.8@v5 | |
| 690 | @aI18@v5 | |
| 701 | 0 | @a海水焰@Ahai shui yan@4主编 |
| 801 | 0 | @aCN@bAHXH@c20221111 |
| 905 | @b1375532-6@dG610.8@e2810@f5 | |
| 睡前胎教故事= Good night story of fetal education.妈妈篇/海水焰主编.-北京:中国轻工业出版社,2021 |
| 168页:彩图;24cm |
| ISBN 978-7-5184-3374-2:CNY49.80 |
| 这里有分爱、分享、友谊、宽容和乐观。每个主题包括原创故事、童诗、改编故事三大部分。温馨故事展现人性之美。这里有好听的故事、有趣的童诗,也有我们深深的祝福! |
| ● |
| 相关链接 |
|
|
|
|
正题名:睡前胎教故事
索取号:G610.8/2810
 
预约/预借
| 序号 | 登录号 | 条形码 | 馆藏地/架位号 | 状态 | 备注 |
| 1 | 1375532 | 213755328 | 第一样本阅览室/ [索取号:G610.8/2810] | 在馆 | |
| 2 | 1375533 | 213755337 | 教育系资料室/ [索取号:G610.8/2810] | 在馆 | |
| 3 | 1375534 | 213755346 | 教育系资料室/ [索取号:G610.8/2810] | 在馆 | |
| 4 | 1375535 | 213755355 | 第四借阅区/ [索取号:G610.8/2810] | 在馆 | |
| 5 | 1375536 | 213755364 | 第四借阅区/ [索取号:G610.8/2810] | 在馆 |